Universam S. scripturam commentarius cui praeter sacrorum bibliorum textum ad exemplar Vaticanum exactum

Shranjeno v:
Bibliografske podrobnosti
Glavni avtor: Tirini, Jacobi (Author)
Format: Knjiga
Jezik:latinščina
Izdano: Turín Petri Marietti 1883
Izdaja:1a. ed
Teme:
Oznake: Označite
Brez oznak, prvi označite!

MARC

LEADER 00000cam a2200000 a 4500
001 UCD3304
003 CL-VaPUC
008 160603e18830000it |||||||||||||||||lat|d
082 0 4 |a 227.3  |b TIR  |2 21 
100 0 |a Tirini, Jacobi  |e author  |9 586718 
245 1 0 |a Universam S. scripturam commentarius cui praeter sacrorum bibliorum textum ad exemplar Vaticanum exactum 
250 |a 1a. ed 
300 |a t 
942 |c BK 
945 |d 20160603 11:42:00  |a dcastane 
260 |a Turín  |b Petri Marietti  |c 1883 
650 0 |a Sagradas escrituras  |9 349657 
650 0 |a Exégesis bíblica  |9 412524 
650 0 |a Nuevo testamento  |9 257604 
650 0 |a Epístolas  |9 321181 
583 |a last modification  |c 20160603 11:42:00  |k Rodrigo Vera 
999 |c 364340  |d 364338 
952 |0 0  |1 0  |3 erd  |4 0  |6 227_300000000000000_TIR_1883  |7 0  |8 X  |9 477400  |a BIBTEO  |b BIBTEO  |c TEO_FFR  |h t.3  |i 5233437  |o 227.3 TIR 1883  |p 5233437  |r 2024-01-18  |w 2019-11-24  |y BK_X  |z Catalogado en:20160603  |k OFM